| 000 | 00645nam a2200217Ia 4500 | ||
|---|---|---|---|
| 001 | 5013 | ||
| 003 | GE_BSU | ||
| 008 | 181216s||||||||xx |||||||||||||| ||und|| | ||
| 040 | _cGE_BSU | ||
| 080 | _a53(072) | ||
| 100 | _aБалаш, В.А. | ||
| 245 | _aЗадачи по физике и методы их решения. | ||
| 245 | _bПособие для учителя. | ||
| 250 | _aизд 4-Е, перераб. и доп. | ||
| 260 | _aМосква | ||
| 260 | _bПросвещение | ||
| 260 | _c1983 | ||
| 300 | _a430 с. 22 см. | ||
| 653 | _aЗадачи по физике и методы их решения. | ||
| 942 | _cBK | ||
| 999 |
_c38718 _d38718 |
||